| 000 | 00823nam a22002657a 4500 | ||
|---|---|---|---|
| 001 | 9105 | ||
| 003 | FISKH | ||
| 005 | 20251120155813.0 | ||
| 008 | 251120b cb ||||| |||| 00| 0 eng d | ||
| 020 | _a9780525652045 | ||
| 040 |
_aFISKH _beng _cFISKH _dFISKH |
||
| 050 | _aQL751.5 H56 | ||
| 082 | _a591.51 | ||
| 100 | _aHirschi, Ron | ||
| 245 |
_aDance with me / _cby Ron Hirschi Photographs by Thomas D. Mangelsen |
||
| 260 |
_aNew York : _bPenquin book, _c1995. |
||
| 300 |
_a30 ages : _bcolor illustrations ; _c28 cm |
||
| 505 | _aP | ||
| 520 | _aExplains the motions that animals make, like leaping and flapping, and the reasons why they are made. | ||
| 521 | 8 |
_a660
_bLexile estimate |
|
| 521 | 8 |
_aR
_bRaz-Plus |
|
| 650 |
_aScience _vNon-fiction _xChildren's |
||
| 942 |
_2ddc _cBK _n0 |
||
| 999 |
_c9105 _d9105 |
||